Be Quick! 15 Second Version - Statistics

General Stats
  • This quiz has been taken 21 times
  • The average score is 10 of 12
Answer Stats
Hint Answer % Correct
Book Book
100%
Cello Cello
92%
City City
92%
Pants Pants
92%
Place Place
92%
Drawing Drawing
85%
Core Core
77%
Metal Metal
77%
Orange Orange
77%
Shelf Shelf
77%
Yolk Yolk
62%
Because Because
54%
No matching quizzes found
Score Distribution
Percent of People with Each Score
Percentile by Number Answered
Your Score History
You have not taken this quiz